01663cam a2200349 i 450000100090000000300090000900500170001800800410003502000180007604000380009408200240013210000430015624500740019925000190027326400640029226400100035630000470036633600260041333700280043933800270046750000550049450400520054950503630060163000240096465000550098865300240104365500170106770000430108494200120112799900170113995201570115617318710EG-ScBUE20241027113203.0120525t2012 maua f b 001 0 eng d a9780123869425 aDLCbengerdacDLCdDLCdEG-ScBUE04a518.028553222bLIN1 aLindfield, G. R.q(George R.)eauthor.10aNumerical methods :busing MATLAB /cG. R. Lindfield, J. E. T. Penny. aThird edition. 1aWaltham, MA ;aOxford :bAcademic Press / Elsevier,c[2012] 4cc2012 axviii, 534 pages :billustrations ;c24 cm 2rdacontentatextbtxt aunmediated2rdamediabn avolumebnc2rdacarrier aPenny's name appears first on the earlier edition. aIncludes bibliographical references and index. 8 aMachine generated contents note: An Introduction to Matlab Linear Equations and Eigensystems Solution of Non-linear Equations Differentiation and Integration Solution of Differential Equations Boundary Value Problems Fitting Functions to Data Optimization Methods Applications of the Symbolic Toolbox Appendix A - Matrix Algebra Appendix B - Error Analysis.07aMATLAB.2BUEsh9826 7aNumerical analysisxData processing.2BUEsh911374 bENGGENcOctober2016 vReading book1 aPenny, J. E. T.q(John E. T.)eauthor. 2ddccBB c22913d22885 00102ddc40708BaccahaMAINbMAINc1STd2016-10-30ePurchaseg808.00h3636l0o518.028553 LINp000034616r2025-07-15 00:00:00v1016.00w2016-10-30yBB